Music Quiz

Random Music or Song Quiz
Score 0/12 Timer 04:00
0 Plays Today
Year/Chart Song % Correct
1965 R&B & Pop???
97.9%
1972 Pop???
76.6%
1971 Pop???
71.3%
1966 R&B???
63.8%
1964 R&B???
57.4%
1966 R&B???
54.3%
1968 R&B???
44.7%
1969 R&B & Pop???
37.2%
1966 R&B???
27.7%
1969 R&B???
12.8%
1968 R&B???
8.5%
1966 R&B???
5.3%
Remove Ads.
Support Sporcle.
Get the best of Sporcle when you Go Orange. This ad-free experience offers more features, more stats, and more fun while also helping to support Sporcle. Thank you for becoming a member.

You're not logged in!

Compare scores with friends on all Sporcle quizzes.
OR
Log In

Show Comments

Extras

Top Quizzes Today


Score Distribution

Your Account Isn't Verified!

In order to create a playlist on Sporcle, you need to verify the email address you used during registration. Go to your Sporcle Settings to finish the process.

Report this User

Report this user for behavior that violates our Community Guidelines.

Details: